Výskum na pomoc praxi Ako zabezpečiť dostatok lipňov v našich vodách

Bibliographic Details
Main Author: Topercer, Emil, 1951- (Author)
Format: Article
Language:Slovak
Subjects:

MARC

LEADER 00000nab a2200000 a 4500
001 vtls000223111
003 SK-MaSNL
005 20260302204702.0
008 111130c1985 xo 0 slo
015 |a SNBRB19rr/mm-uuuuu 
035 |a CL0233225 
040 |a SNKBUCL  |b slo  |c SNKBUCL  |e AACR2 
041 0 |a slo 
044 |a xo  |c SK 
080 |a 639.211.05  |2 1981 
100 1 |a Topercer, Emil,  |d 1951-  |4 aut  |9 37217 
245 1 0 |a Výskum na pomoc praxi  |b Ako zabezpečiť dostatok lipňov v našich vodách  |c Emil Topercer 
650 0 7 |a lipne  |2 snkbucl  |9 929521 
650 0 7 |a Laboratórium rybárstva a hydrobiológie, Bratislava  |2 snkbucl  |9 929522 
651 7 |a 5100  |2 snkbucl  |9 166206 
655 7 |a články z novín a časopisov  |2 snkbucl  |9 267496 
773 0 |t Roľnícke noviny  |g Roč. 40, č. 177 (30. 7. 1985), s. 3 
850 |a Slovenská národná knižnica v Martine  |a MTA001 
852 |a SNK  |b KIS3GCP 
958 |a RK 
992 |a RBX 
999 |c 1474521  |d 1476451